| 000 | 00359nam a22001337a 4500 | ||
|---|---|---|---|
| 082 |
_a621.4022 _bDOM/TE |
||
| 100 |
_aArora _91378 |
||
| 100 |
_aDomkundwar V.M. _91379 |
||
| 100 |
_aDomkundwar,Anand V. _9790 |
||
| 245 | _aA Textbook of Heat and Mass Transfer : S.I. Units | ||
| 260 |
_aDelhi _bDhanpat Rai & Co. (P) Ltd. _c2005 |
||
| 300 | _a16.20 | ||
| 942 | _cBBS | ||
| 999 |
_c14753 _d14753 |
||